|
|
|
|
| LEADER |
00752nab a2200193 i 4500 |
| 001 |
acta53316 |
| 005 |
20260224081030.0 |
| 008 |
180326s1941 hu o 000 hun d |
| 040 |
|
|
|a SZTE Egyetemi Kiadványok Repozitórium
|b hun
|
| 041 |
|
|
|a hun
|
| 100 |
1 |
|
|a Tettamanti Béla
|
| 245 |
1 |
0 |
|a Künkel Fritz ; ford. Vető Lajos
|h [elektronikus dokumentum] :
|b A közösség : a közösséglélektan alapfogalmai /
|c Tettamanti Béla
|
| 260 |
|
|
|c 1941
|
| 300 |
|
|
|a 33-35
|
| 490 |
0 |
|
|a Nevelésügyi szemle
|v 5 No. 1-2
|
| 695 |
|
|
|a Pszichológia - közösség - könyvismertetés, Közösség - könyvismertetés
|
| 700 |
0 |
1 |
|a Fritz Künkel
|
| 700 |
0 |
1 |
|a Vető Lajos
|
| 856 |
4 |
0 |
|u http://acta.bibl.u-szeged.hu/53316/1/nev_szem_005_001_002_033-035.pdf
|z Dokumentum-elérés
|